Datum a čas kvízu
29
Celkem bodů
Celkový počet nahraných bodů na tomto kvízu bez doplňovacích otázek.
7.
Pořadí na kvízu
Konečné umístění týmu na tomto kvízu.
Zaznamenané odpovědi
| # | Otázka | Odpověď | Body | Výsledky |
|---|---|---|---|---|
| 1. | Středočeská obec Mirošovice po... | Předčasně zveřejnila výsledky. | 1 | |
| 2. | Tlaková níže a s ní spojené si... | Axel | 1 | |
| 3. | Režisér Quentin Tarantino, jeh... | Aby nezveřejňovali obsah filmu. | 0 | |
| 4. | Mobilní operátor Vodafone minu... | účtování hovorů po minutách | 0 | |
| 5. | V pondělí nás opustil Niki Lau... | Laudamotion, Niki | 1 | |
| 6. | Jakou barvu má pruh, který je... | bílou | 0 | |
| 7. | Kolik vodorovných pruhů tvoří... | čtyři | 0.5 | |
| 8. | Na thajské vlajce nenajdeme pr... | C | 1 | |
| 9. | Jakou barvu má prostřední pruh... | zelenou | 0 | |
| 10. | Který z pruhů na vlajce Maďars... | A | 0 |